Dictionnaire raisonné universel d'histoire naturelle (Record no. 166965)

MARC details
000 -LEADER
campo de control de longitud fija 00940nam a2200217 i 4500
001 - NÚMERO DE CONTROL
campo de control 166965
003 - IDENTIFICADOR DE NÚMERO DE CONTROL
campo de control ES-MaACL
005 - FECHA Y HORA DE LA ÚLTIMA TRANSACCIÓN
campo de control 20230906213432.0
008 - DATOS DE LONGITUD FIJA--INFORMACIÓN GENERAL
campo de control de longitud fija 931025s1791 fr |||| | fre d
040 ## - FUENTE DE CATALOGACIÓN
Centro catalogador/agencia de origen CAM
Lengua de catalogación spa
Centro/agencia transcriptor PAB
100 1# - ENTRADA PRINCIPAL--NOMBRE DE PERSONA
Nombre de persona Valmont-Bomare, Jacques Christophe.
9 (RLIN) 133533
245 10 - MENCIÓN DEL TÍTULO
Título Dictionnaire raisonné universel d'histoire naturelle
Resto del título : contenant l'histoire des animaux, des végétaux et des minéraux... et des autres principaux phénomenes de la nature... /
Mención de responsabilidad, etc. par M. Valmont-Bomare... ; tome neuvieme.
250 ## - MENCION DE EDICION
Mención de edición Quatrieme edition
Resto de la mención de edición revue et augmentée.
260 ## - PUBLICACIÓN, DISTRIBUCIÓN, ETC.
Lugar de publicación, distribución, etc. A Lyon :
Nombre del editor, distribuidor, etc. chez Bruyset Freres,
Fecha de publicación, distribución, etc. 1791.
300 ## - DESCRIPCIÓN FÍSICA
Extensión [4], 742 p. ;
Dimensiones 8\pa\s.
595 ## -
-- Datos de ed. preceden a la explicación al tít.
597 ## - NOTA DE DESCRIPCIÓN FÍSICA
NOTA DE DESCRIPCIÓN FÍSICA Sign.: [ ]\p2\s, A-2Z\p8\s, 3A\p3\s.
597 ## - NOTA DE DESCRIPCIÓN FÍSICA
NOTA DE DESCRIPCIÓN FÍSICA Antep.
597 ## - NOTA DE DESCRIPCIÓN FÍSICA
NOTA DE DESCRIPCIÓN FÍSICA Grab. xil al principio del texto.
852 ## - LOCALIZACIÓN
Ubicación ES-MaACL
Número de control de estantería R-3055-69
Encuadernación Olim:B-7101-115
Nota libre -- Enc. pasta española
Holdings
Estatus retirado Estado de pérdida Estado de daño No para préstamo Colección Biblioteca de origen Biblioteca actual Ubicación en estantería Fecha de adquisición Total de préstamos Signatura topográfica completa Código de barras Visto por última vez Precio de reemplazo Tipo de ítem Koha
        Libros del s. XVIII Biblioteca del Ateneo de Madrid Biblioteca del Ateneo de Madrid Depósito 17/01/2008   R-3055-69 1175143 23/02/2023 23/02/2023 Libro impreso antiguo